[Event "Verden op-A"]
[Site "Verden"]
[Date "2023.01.07"]
[Round "6"]
[White "Rossberg, Jonathan"]
[Black "Moseler, Thomas"]
[Result "1-0"]
[WhiteElo "1839"]
[BlackElo "1638"]
[PlyCount "113"]
[EventDate "2023.01.05"]
[EventType "swiss"]
[EventRounds "7"]
[EventCountry "GER"]
[SourceTitle "CBM 212 Extra"]
[Source "ChessBase"]
[SourceDate "2023.03.31"]
[SourceVersion "1"]
[SourceVersionDate "2023.03.31"]
[SourceQuality "1"]

1. e4 c5 2. Nf3 d6 3. d4 cxd4 4. Nxd4 Nf6 5. Nc3 a6 6. Be3 e5 7. Nb3 Be6 8. f3 Be7 9. Qd2 h5 10. 0-0-0 Nbd7 11. Kb1 Rc8 12. Be2 Nb6 13. Bxb6 Qxb6 14. Rdg1 Rd8 15. Nd5 Bxd5 16. exd5 Rc8 17. Bd3 Nxd5 18. Bf5 Rc5 19. Nxc5 Qxc5 20. Re1 Nc7 21. f4 Kf8 22. fxe5 dxe5 23. Qd7 g6 24. Bd3 Kg7 25. Qh3 Bf6 26. Rhf1 Rd8 27. Qf3 Rd6 28. g4 hxg4 29. Qxg4 Nd5 30. Qc4 Qb6 31. Qb3 Qc7 32. Be4 Nb6 33. Rd1 Nc4 34. Rxd6 Nxd6 35. Qd3 b5 36. Rd1 Nxe4 37. Qxe4 Qc8 38. Rd3 Qc5 39. Re3 Qd6 40. a3 a5 41. h4 b4 42. axb4 axb4 43. Rh3 Qa6 44. Rh1 b3 45. cxb3 Qb6 46. h5 Qxb3 47. Rg1 g5 48. Qf5 Qb6 49. Rf1 Qd6 50. h6+ Kxh6 51. Qxf6+ Qxf6 52. Rxf6+ Kg7 53. Rf2 g4 54. b4 Kf8 55. Rf5 Ke7 56. Rxe5+ Kd6 57. Rg5 1-0

[Event "Heusenstamm Sparkassen op-B 5th"]
[Site "Heusenstamm"]
[Date "2018.11.23"]
[Round "3"]
[White "Aravindan, Midhulan"]
[Black "Moseler, Thomas"]
[Result "1/2-1/2"]
[WhiteElo "1407"]
[BlackElo "1636"]
[PlyCount "96"]
[EventDate "2018.11.22"]
[EventType "swiss"]
[EventRounds "7"]
[EventCountry "GER"]
[SourceTitle "CBM 187 Extra"]
[Source "ChessBase"]
[SourceDate "2018.11.04"]
[SourceVersion "1"]
[SourceVersionDate "2018.11.04"]
[SourceQuality "1"]

1. e4 e5 2. Nf3 Nc6 3. Bb5 a6 4. Bxc6 dxc6 5. 0-0 Qd6 6. d3 Bd7 7. Be3 0-0-0 8. Nbd2 f6 9. h3 g5 10. a3 h5 11. h4 Bg4 12. Qb1 gxh4 13. Nxh4 Ne7 14. b4 Bd7 15. a4 Qe6 16. b5 cxb5 17. axb5 Bxb5 18. c4 Bc6 19. Kh1 Qg4 20. Nhf3 h4 21. Nh2 Qg6 22. Nhf3 Rg8 23. Rg1 Qh5 24. Qb3 Bh6 25. Bxh6 Qxh6 26. c5 Rg7 27. Nc4 Qf4 28. Ncd2 Bb5 29. Qe6+ Kb8 30. Rgb1 Rxd3 31. Qa2 Qg4 32. Ne1 h3 33. g3 Rxd2 34. Qxd2 Qxe4+ 35. f3 Qd5 36. Qxd5 Nxd5 37. Kh2 Ne3 38. c6 Nf1+ 39. Kxh3 Rxg3+ 40. Kh4 Rg8 41. cxb7 Nd2 42. Rxb5 Rh8+ 43. Kg3 Nf1+ 44. Kg2 Rh2+ 45. Kxf1 axb5 46. Ra5 c6 47. Ra8+ Kxb7 48. Rf8 Rh6 1/2-1/2

[Event "Heusenstamm Sparkassen op-B 5th"]
[Site "Heusenstamm"]
[Date "2018.11.22"]
[Round "1"]
[White "Schwab, Tizian"]
[Black "Moseler, Thomas"]
[Result "0-1"]
[WhiteElo "1318"]
[BlackElo "1636"]
[PlyCount "112"]
[EventDate "2018.11.22"]
[EventType "swiss"]
[EventRounds "7"]
[EventCountry "GER"]
[SourceTitle "CBM 187 Extra"]
[Source "ChessBase"]
[SourceDate "2018.11.04"]
[SourceVersion "1"]
[SourceVersionDate "2018.11.04"]
[SourceQuality "1"]

1. e4 e5 2. Nf3 Nc6 3. Bb5 a6 4. Ba4 Nf6 5. 0-0 Be7 6. Re1 b5 7. Bb3 d6 8. c3 0-0 9. h3 Na5 10. Bc2 c5 11. d3 Qc7 12. Nbd2 Re8 13. c4 Nc6 14. b3 Bf8 15. Nf1 g6 16. Bg5 Bg7 17. Ne3 Ne7 18. Nd2 h6 19. Bh4 Kh7 20. Bxf6 Bxf6 21. Rf1 Be6 22. f4 exf4 23. Rxf4 Bxa1 24. Qxa1 Ng8 25. Qf1 Ra7 26. Nb1 Kg7 27. Nc3 b4 28. Ncd5 Qd8 29. Bd1 Qg5 30. Bg4 h5 31. h4 Qd8 32. Bd1 Bxd5 33. Nxd5 Re6 34. Qf2 Nf6 35. Qg3 Nxd5 36. exd5 Re5 37. Re4 Rae7 38. Bf3 Qe8 39. Kf2 Rxe4 40. Bxe4 Re5 41. Qh3 Qe7 42. g4 hxg4 43. Qxg4 f5 44. Bxf5 Rxf5+ 45. Kg2 Qe3 46. Qg3 Qe2+ 47. Kh3 Rf3 48. Qxf3 Qxf3+ 49. Kh2 Qxd3 50. Kg2 Kh6 51. Kf2 Kh5 52. a3 bxa3 53. Ke1 a2 54. Kf2 a1Q 55. Kg2 Qb2+ 56. Kg1 Qdb1# 0-1

[Event "Langenhagen-ch op"]
[Site "Langenhagen"]
[Date "2018.09.29"]
[Round "6"]
[White "Mueller, Florian"]
[Black "Moseler, Thomas"]
[Result "1-0"]
[WhiteElo "1686"]
[BlackElo "1595"]
[PlyCount "105"]
[EventDate "2018.06.09"]
[EventType "swiss"]
[EventRounds "7"]
[EventCountry "GER"]
[SourceTitle "EXT 2023"]
[Source "ChessBase"]
[SourceDate "2022.10.05"]
[SourceVersion "1"]
[SourceVersionDate "2022.10.05"]
[SourceQuality "1"]

1. d4 Nf6 2. Bg5 Ne4 3. Bf4 c5 4. f3 Qa5+ 5. c3 Nf6 6. Nd2 cxd4 7. Nb3 Qf5 8. Bxb8 Rxb8 9. Qxd4 b6 10. e4 e5 11. exf5 exd4 12. Nxd4 Bc5 13. 0-0-0 Bxd4 14. Rxd4 0-0 15. Bd3 Re8 16. Ne2 Bb7 17. Kd2 Re5 18. Nf4 Rbe8 19. Ra1 Bc6 20. b4 b5 21. Rb1 Ra8 22. Re1 Rxe1 23. Kxe1 a5 24. a4 Rb8 25. axb5 Bxb5 26. c4 Bc6 27. b5 Bb7 28. Kd2 Ra8 29. Kc3 Kf8 30. Kb3 Ke7 31. Be4 Bxe4 32. fxe4 d6 33. Nd5+ Nxd5 34. Rxd5 f6 35. Ka4 Rc8 36. Rd4 Ra8 37. b6 Kd7 38. c5 Kc6 39. Rxd6+ Kxc5 40. b7 Rb8 41. Rd7 Kc6 42. Rxg7 h5 43. Kxa5 Re8 44. Re7 Rg8 45. g3 Rd8 46. Ka6 Rd4 47. Ka7 Ra4+ 48. Kb8 Rb4 49. Re6+ Kd7 50. Rxf6 Rxe4 51. Rh6 Re8+ 52. Ka7 Re2 53. b8Q 1-0

[Event "Hannover Bezirk-ch B"]
[Site "Lehrte"]
[Date "2017.10.31"]
[Round "7.6"]
[White "Pubantz, Richard"]
[Black "Moseler, Thomas"]
[Result "1-0"]
[WhiteElo "1626"]
[BlackElo "1633"]
[PlyCount "73"]
[EventDate "2017.10.28"]
[EventType "swiss"]
[EventRounds "7"]
[EventCountry "GER"]
[SourceTitle "EXT 2022"]
[Source "ChessBase"]
[SourceDate "2021.10.06"]
[SourceVersion "1"]
[SourceVersionDate "2021.10.06"]
[SourceQuality "1"]

1. d4 Nf6 2. c4 e6 3. g3 Bb4+ 4. Bd2 Be7 5. Bg2 d5 6. Nf3 dxc4 7. Qa4+ c6 8. Qxc4 b5 9. Qc2 Bb7 10. Ne5 Qb6 11. Be3 Nd5 12. 0-0 Nxe3 13. fxe3 Bf6 14. Ng4 Nd7 15. Nd2 0-0 16. Nxf6+ Nxf6 17. Nb3 Rac8 18. Nc5 Rfd8 19. Nxb7 Qxb7 20. Rad1 Qb6 21. Rd3 c5 22. dxc5 Qc7 23. b4 a5 24. a3 axb4 25. axb4 Ng4 26. Qd2 Ne5 27. Rd4 Nc4 28. Qc3 Qe7 29. Rfd1 Qg5 30. Rxd8+ Rxd8 31. Rxd8+ Qxd8 32. Qd4 Qe7 33. Be4 g6 34. Bd3 e5 35. Qe4 Na3 36. Qa8+ Kg7 37. Qxa3 1-0

[Event "Langenhagen-ch op"]
[Site "Langenhagen"]
[Date "2017.08.26"]
[Round "3"]
[White "Zweigait, Bjoern"]
[Black "Moseler, Thomas"]
[Result "1-0"]
[WhiteElo "1740"]
[BlackElo "1581"]
[PlyCount "81"]
[EventDate "2017.06.10"]
[EventType "swiss"]
[EventRounds "7"]
[EventCountry "GER"]
[SourceTitle "EXT 2022"]
[Source "ChessBase"]
[SourceDate "2021.10.06"]
[SourceVersion "1"]
[SourceVersionDate "2021.10.06"]
[SourceQuality "1"]

1. c4 e6 2. g3 d5 3. cxd5 exd5 4. Bg2 Nf6 5. d4 Bb4+ 6. Nc3 c6 7. a3 Be7 8. Nh3 Bf5 9. 0-0 0-0 10. b4 Nbd7 11. b5 Nb6 12. Qb3 Nc4 13. e4 Na5 14. Qa4 cxb5 15. Qxb5 Bd7 16. Qe2 Qc8 17. Nxd5 Nxd5 18. exd5 Bf6 19. Nf4 Bxd4 20. Rb1 b6 21. Be3 Re8 22. Qd3 Bxe3 23. fxe3 Qc5 24. Rfe1 Re5 25. Rbc1 Qd6 26. e4 Nb7 27. Qd4 Nc5 28. Re3 Rae8 29. Rce1 f5 30. exf5 Rxe3 31. Rxe3 Rxe3 32. Qxe3 Bxf5 33. Qe8+ Qf8 34. Qe3 Qd8 35. d6 Kf7 36. Bd5+ Kf6 37. Qd4+ Kg5 38. h4+ Kh6 39. Qe3 Qxd6 40. Nh3+ g5 41. Qxg5# 1-0

[Event "Hannover Ihme Cup"]
[Site "Hannover"]
[Date "2017.04.28"]
[Round "1.14"]
[White "Fengier, Winicjusz"]
[Black "Moseler, Thomas"]
[Result "1-0"]
[WhiteElo "2001"]
[BlackElo "1618"]
[PlyCount "105"]
[EventDate "2017.04.28"]
[EventType "swiss"]
[EventRounds "5"]
[EventCountry "GER"]
[SourceTitle "EXT 2022"]
[Source "ChessBase"]
[SourceDate "2021.10.06"]
[SourceVersion "1"]
[SourceVersionDate "2021.10.06"]
[SourceQuality "1"]

1. Nf3 Nf6 2. c4 e6 3. g3 d5 4. Bg2 Nbd7 5. 0-0 Be7 6. b3 0-0 7. Bb2 Ne4 8. d3 Bf6 9. Bxf6 Nexf6 10. Nbd2 Rb8 11. Qc2 c5 12. e3 b6 13. Qb2 Bb7 14. Rfd1 Qe7 15. Rac1 Rfe8 16. d4 Rbc8 17. Ne5 Nxe5 18. dxe5 Ng4 19. h3 Nh6 20. g4 Rf8 21. Nb1 Rcd8 22. Nc3 dxc4 23. Bxb7 Qxb7 24. bxc4 Qf3 25. Kh2 f6 26. exf6 Qxf6 27. f4 Qe7 28. Qc2 Nf7 29. Ne4 Rd7 30. Rxd7 Qxd7 31. Rd1 Qc7 32. Kg3 Rd8 33. Rxd8+ Qxd8 34. Qa4 Qe7 35. Qc6 h6 36. h4 Nd8 37. Qc8 Kf7 38. g5 hxg5 39. fxg5 Kg6 40. Kg4 Kf7 41. h5 Kg8 42. g6 Qf8 43. Kg3 Qe7 44. Qb8 Kf8 45. Kg4 Ke8 46. Nd6+ Kd7 47. Ne4 Ke8 48. Ng5 Qf6 49. Nf7 Qf5+ 50. Kg3 Qd3 51. Qxd8+ Qxd8 52. Nxd8 Kxd8 53. h6 1-0

[Event "Hannover Bezirks op"]
[Site "Hannover"]
[Date "2017.04.01"]
[Round "5.11"]
[White "Moseler, Thomas"]
[Black "Niemann, Leon Pascal"]
[Result "1-0"]
[WhiteElo "1612"]
[BlackElo "1423"]
[PlyCount "117"]
[EventDate "2017.01.21"]
[EventType "swiss"]
[EventRounds "7"]
[EventCountry "GER"]
[SourceTitle "EXT 2022"]
[Source "ChessBase"]
[SourceDate "2021.10.06"]
[SourceVersion "1"]
[SourceVersionDate "2021.10.06"]
[SourceQuality "1"]

1. e4 c5 2. Nf3 Nc6 3. Bb5 g6 4. 0-0 Bg7 5. Bxc6 bxc6 6. e5 f6 7. Re1 fxe5 8. Nxe5 Qc7 9. Qe2 d6 10. Nf3 e5 11. c3 Bg4 12. h3 Bxf3 13. Qxf3 Nf6 14. d4 cxd4 15. cxd4 0-0 16. dxe5 dxe5 17. Nc3 Nd5 18. Nxd5 Qd6 19. Ne7+ Qxe7 20. Qxc6 Rad8 21. Be3 Rf6 22. Qe4 Rf7 23. Rad1 Rb8 24. Rd2 Qb7 25. Qxb7 Rfxb7 26. b3 a5 27. Red1 a4 28. Rd8+ Kf7 29. Rxb8 Rxb8 30. bxa4 Bf8 31. Rd7+ Kg8 32. Rd5 Bg7 33. a5 h5 34. Bb6 Kh7 35. Kf1 Ra8 36. Ke2 Bh6 37. Rxe5 Bf4 38. Re7+ Kh6 39. Kd3 Rc8 40. Re2 Bd6 41. Rc2 Ra8 42. Kd4 Bb4 43. a4 Bxa5 44. Bxa5 Rxa5 45. Ra2 Kg7 46. Kc4 Kf6 47. Kb4 Ra8 48. a5 Rb8+ 49. Kc5 Rc8+ 50. Kd6 Rd8+ 51. Kc7 Re8 52. a6 Re7+ 53. Kb6 Re6+ 54. Kc5 Re5+ 55. Kd4 Re8 56. a7 Ra8 57. Kc5 Ke7 58. Kb6 Kd7 59. Kb7 1-0

[Event "Langenhagen-ch op"]
[Site "Langenhagen"]
[Date "2016.06.04"]
[Round "1"]
[White "Moseler, Thomas"]
[Black "Wall, Max"]
[Result "0-1"]
[WhiteElo "1478"]
[BlackElo "1879"]
[PlyCount "114"]
[EventDate "2016.06.04"]
[EventType "swiss"]
[EventRounds "7"]
[EventCountry "GER"]
[SourceTitle "CBM 189 Extra"]
[Source "ChessBase"]
[SourceDate "2019.06.03"]
[SourceVersion "1"]
[SourceVersionDate "2019.06.03"]
[SourceQuality "1"]

1. e4 c5 2. Nf3 d6 3. Bb5+ Bd7 4. Bxd7+ Nxd7 5. c4 Ngf6 6. Nc3 g6 7. Qc2 Bg7 8. 0-0 0-0 9. d3 a6 10. a4 Ne8 11. Bf4 Nc7 12. Qd2 Re8 13. Rfe1 Ne6 14. Bg3 Nd4 15. Nxd4 Bxd4 16. Ne2 Bg7 17. Rab1 Qc7 18. Rec1 Qc6 19. b3 Reb8 20. Nc3 e6 21. Qe2 Re8 22. f4 f5 23. Rc2 Nf6 24. Qf3 Rad8 25. Rf1 Qb6 26. Rb1 Rd7 27. exf5 exf5 28. Nd5 Qc6 29. Nxf6+ Bxf6 30. Qxc6 bxc6 31. Re1 Rxe1+ 32. Bxe1 Rb7 33. Bc3 Kf7 34. Bxf6 Kxf6 35. Rb2 g5 36. g3 Rg7 37. Kf2 gxf4 38. gxf4 Rg4 39. Kf3 Rg1 40. Kf2 Rh1 41. Kf3 a5 42. Ke3 h5 43. d4 Re1+ 44. Kd2 Re4 45. dxc5 dxc5 46. Kd3 Rxf4 47. Rd2 Rd4+ 48. Ke3 Rxd2 49. Kxd2 Ke5 50. Ke3 f4+ 51. Kf3 Kf5 52. Kf2 Ke4 53. Ke2 f3+ 54. Kf2 Kf4 55. Kf1 Ke3 56. Ke1 f2+ 57. Kf1 h4 0-1

[Event "Daehne Cup Region 15/16 IV"]
[Site "Isernhagen"]
[Date "2016.05.29"]
[Round "3"]
[White "Moseler, Thomas"]
[Black "Diskin, Semen"]
[Result "1-0"]
[WhiteElo "1438"]
[BlackElo "1725"]
[PlyCount "33"]
[EventDate "2016.05.28"]
[EventType "k.o."]
[EventCountry "GER"]
[SourceTitle "EXT 2022"]
[Source "ChessBase"]
[SourceDate "2021.10.06"]
[SourceVersion "1"]
[SourceVersionDate "2021.10.06"]
[SourceQuality "1"]

1. e4 e5 2. Nf3 Nc6 3. Bb5 a6 4. Ba4 d6 5. c3 Nge7 6. d4 b5 7. Bb3 Na5 8. dxe5 Nxb3 9. axb3 Bb7 10. exd6 cxd6 11. Qe2 g6 12. 0-0 Bg7 13. b4 0-0 14. Bf4 Qb6 15. Re1 Rfe8 16. Qc2 Nd5 17. exd5 1-0

[Event "Daehne Cup Region 15/16 IV"]
[Site "Isernhagen"]
[Date "2016.05.28"]
[Round "1"]
[White "Poschadel, Andreas Gregor"]
[Black "Moseler, Thomas"]
[Result "0-1"]
[WhiteElo "1436"]
[BlackElo "1438"]
[PlyCount "42"]
[EventDate "2016.05.28"]
[EventType "k.o."]
[EventCountry "GER"]
[SourceTitle "EXT 2022"]
[Source "ChessBase"]
[SourceDate "2021.10.06"]
[SourceVersion "1"]
[SourceVersionDate "2021.10.06"]
[SourceQuality "1"]

1. e4 e5 2. Bc4 Nf6 3. d3 Nc6 4. Nf3 Bc5 5. 0-0 d6 6. h3 Na5 7. Bb3 Nxb3 8. axb3 h6 9. Nc3 a6 10. Nh2 0-0 11. Kh1 d5 12. exd5 Nxd5 13. Ne4 Ba7 14. c4 Nb4 15. Qd2 Qxd3 16. Qxb4 Qxe4 17. Qe7 Bxh3 18. f3 Bxg2+ 19. Kxg2 Qe2+ 20. Rf2 Qxf2+ 21. Kh1 Qg1# 0-1

[Event "Hannover Ihme Cup"]
[Site "Hannover"]
[Date "2016.05.22"]
[Round "5"]
[White "Woehlert, Lutz"]
[Black "Moseler, Thomas"]
[Result "0-1"]
[WhiteElo "1400"]
[BlackElo "1628"]
[PlyCount "81"]
[EventDate "2016.05.20"]
[EventType "swiss"]
[EventRounds "5"]
[EventCountry "GER"]
[SourceTitle "CBM 189 Extra"]
[Source "ChessBase"]
[SourceDate "2019.06.03"]
[SourceVersion "1"]
[SourceVersionDate "2019.06.03"]
[SourceQuality "1"]

1. d4 Nf6 2. Bg5 Ne4 3. Bh4 c5 4. e3 Qa5+ 5. c3 cxd4 6. exd4 d5 7. Qc2 Bf5 8. Bd3 g6 9. f3 Nd6 10. Nd2 Bxd3 11. Qxd3 Qb6 12. Rb1 Bg7 13. Bf2 Qd8 14. Ne2 0-0 15. 0-0 Nd7 16. f4 Nf6 17. Ng3 e6 18. h3 Rb8 19. Rfc1 Qd7 20. Qe2 Rfc8 21. Be3 a6 22. h4 Nf5 23. Nxf5 exf5 24. Nf3 Qd6 25. Ne5 Nd7 26. g4 f6 27. Nxd7 Qxd7 28. g5 Re8 29. Qf3 Re4 30. Re1 Rbe8 31. Kf2 fxg5 32. hxg5 Bf8 33. Re2 Bd6 34. Rbe1 Qc7 35. Kg3 R8e7 36. Qf2 Qd8 37. Qf3 Re8 38. Kf2 R8e7 39. Kg3 Qe8 40. Kf2 b5 41. b4 0-1

[Event "Wiesbaden op 27th"]
[Site "Wiesbaden"]
[Date "2015.08.30"]
[Round "6"]
[White "Moseler, Thomas"]
[Black "Tampe, Friederike"]
[Result "1-0"]
[WhiteElo "1621"]
[BlackElo "1297"]
[PlyCount "151"]
[EventDate "2015.08.27"]
[EventType "swiss"]
[EventRounds "7"]
[EventCountry "GER"]
[SourceTitle "EXT 2016"]
[Source "ChessBase"]
[SourceDate "2015.10.08"]
[SourceVersion "1"]
[SourceVersionDate "2015.10.08"]
[SourceQuality "1"]

1. e4 e5 2. Nf3 Nc6 3. Bb5 d6 4. d4 Bd7 5. Nc3 Nxd4 6. Bxd7+ Qxd7 7. Nxd4 exd4 8. Qxd4 Nf6 9. Bg5 Be7 10. 0-0-0 h6 11. Bh4 Qg4 12. Bg3 Nd7 13. Nd5 Kd8 14. Nxe7 Kxe7 15. Rhe1 Rhe8 16. f3 Qg6 17. e5 Nxe5 18. f4 Kf8 19. fxe5 dxe5 20. Bxe5 Qg5+ 21. Kb1 Rad8 22. Qc5+ Kg8 23. Rxd8 Qxd8 24. Qc3 Qh4 25. Bg3 Rxe1+ 26. Qxe1 Qd8 27. a3 c6 28. Kc1 Qd5 29. Qd2 Qc5 30. Bf2 Qf5 31. g3 a6 32. Qd8+ Kh7 33. Qd3 Qxd3 34. cxd3 Kg6 35. Kd2 Kf5 36. h3 Ke5 37. Kc3 Kd5 38. Bd4 g6 39. Bg7 h5 40. b3 Kc5 41. Kd2 Kd5 42. Ke3 Ke6 43. Kd4 Kd6 44. Ke4 Ke6 45. Kf4 Kd6 46. Kg5 Ke6 47. Bc3 Ke7 48. g4 hxg4 49. hxg4 Ke6 50. Bf6 b5 51. Bd4 Ke7 52. Kh6 Kf8 53. Bf6 Kg8 54. Kg5 Kf8 55. Kf4 Ke8 56. Ke5 Kd7 57. g5 a5 58. a4 b4 59. Kd4 Kd6 60. Bd8 Ke6 61. Bxa5 f6 62. gxf6 Kxf6 63. Bxb4 Kf5 64. Be1 g5 65. a5 g4 66. a6 Kf4 67. a7 g3 68. Bxg3+ Kxg3 69. a8Q Kf4 70. Qf8+ Kg5 71. Ke5 Kg4 72. Qf4+ Kh3 73. Qg5 c5 74. Kf4 Kh2 75. Kf3 c4 76. Qg2# 1-0